| Tag |
First Indicator |
Second Indicator |
Subfields |
| LEADER |
00000cam a2200000La 4500 |
| 001 |
in00001748639 |
| 005 |
20220105122512.0 |
| 006 |
m u |
| 007 |
cr cn- |
| 008 |
010430s1997 paua s 001 0 eng d |
| 010 |
|
|
|z 96033618
|
| 020 |
|
|
|a 0585368724 (electronic bk.) :
|c $16.95
|
| 020 |
|
|
|z 0811729257
|
| 035 |
|
|
|a (OCoLC)ocm47011798
|
| 035 |
|
|
|a 42075
|b (N$T)
|
| 040 |
|
|
|a N$T
|c N$T
|d OCL
|d UtOrBLW
|
| 049 |
|
|
|a IKMN
|
| 050 |
1 |
4 |
|a SB355
|b .G635 1997eb
|
| 082 |
0 |
4 |
|a 634
|2 20
|
| 100 |
1 |
|
|a Gough, Robert E.
|q (Robert Edward)
|0 http://id.loc.gov/authorities/names/n88607529
|
| 245 |
1 |
4 |
|a The smart gardener's guide to growing fruits /
|c Bob Gough.
|
| 250 |
|
|
|a 1st ed.
|
| 264 |
|
1 |
|a Mechanicsburg, PA :
|b Stackpole Books,
|c 1997.
|
| 300 |
|
|
|a iii, 252 pages :
|b illustrations ;
|c 23 cm.
|
| 336 |
|
|
|a text
|b txt
|2 rdacontent
|
| 337 |
|
|
|a computer
|b c
|2 rdamedia
|
| 338 |
|
|
|a online resource
|b cr
|2 rdacarrier
|
| 500 |
|
|
|a Includes index.
|
| 533 |
|
|
|a Electronic reproduction.
|b Boulder, Colo. :
|c NetLibrary,
|d 2001.
|n Available via World Wide Web.
|n Access may be limited to NetLibrary affiliated libraries.
|
| 500 |
|
|
|a Electronic resource.
|
| 650 |
|
0 |
|a Fruit-culture.
|0 http://id.loc.gov/authorities/subjects/sh85052162
|
| 650 |
|
0 |
|a Fruit.
|0 http://id.loc.gov/authorities/subjects/sh85052105
|
| 655 |
|
7 |
|a Electronic books.
|2 local
|
| 710 |
2 |
|
|a NetLibrary, Inc.
|0 http://id.loc.gov/authorities/names/no99080690
|
| 776 |
0 |
|
|c Original
|w (DLC) 96033618
|w (OCoLC)35285360
|
| 856 |
4 |
1 |
|u https://proxy.library.tamu.edu/login?url=http://www.netLibrary.com/urlapi.asp?action=summary&v=1&bookid=42075
|z Connect to the full text of this electronic book
|t 0
|
| 994 |
|
|
|a 92
|b IKM
|
| 999 |
|
|
|a MARS
|
| 999 |
f |
f |
|s 42f8b41e-3db3-388e-aede-603cce9c3e06
|i 8c133564-a55c-33fa-9416-e0b4bc71e0de
|t 0
|
| 952 |
f |
f |
|a Texas A&M University
|b College Station
|c Electronic Resources
|d Available Online
|t 0
|e SB355 .G635 1997eb
|h Library of Congress classification
|
| 998 |
f |
f |
|a SB355 .G635 1997eb
|t 0
|l Available Online
|